Представление документа в формате MARC21

Поле Инд. ПП Название Значение
Тип записи a
Библиографический уровень m
001 Контрольный номер aecfa5de369f4dd790f39c57981578cc
005 Дата корректировки 20221124084312.6
040 a Служба первич. каталог. НБ ТвГУ
b Код языка каталог. rus
e Правила каталог. PSBO
041 0_ a Код языка текста rus
080 a Индекс УДК 016:821.09(470.331)
080 a Индекс УДК 821.09:016(470.331)
084 a Индекс другой классификации/Индекс ББК Я19:Ш33(2Рос-4Тве)6д
084 a Индекс другой классификации/Индекс ББК Ш33(2Рос-4Тве)6д:Я19
090 a Полочн. индекс Я19:Ш33(2)
x Авторский знак Р 33
097 b Оператор Polyakova.IM
245 10 a Заглавие Редькин Валерий Александрович
b Продолж. заглавия биобиблиографический указатель
c Ответственность Тверской государственный университет, Научная библиотека ; составители Н. А. Корж, А. А. Власова
250 a Основные сведения об издании 2-е изд., доп.
260 c Дата издания 2021
a Место издания Тверь
b Издательство б. и.
300 a Объем 50 с.
653 0_ a Ключевые слова Библиографические указатели
a Ключевые слова Биобиблиографические указатели
a Ключевые слова Указатели
a Ключевые слова Тверской государственный университет
a Ключевые слова Ученые Тверского государственного университета
a Ключевые слова Литературоведение
a Ключевые слова Литературоведы
a Ключевые слова Филология
a Ключевые слова Филологи
a Ключевые слова Преподаватели Тверского государственного университета
a Ключевые слова Преподаватели
a Ключевые слова Редькин Валерий Александрович
a Ключевые слова Труды Тверского государственного университета
700 12 a Другие авторы Корж Нина Анатольевна
e Роль лиц Составитель
700 12 a Другие авторы Власова Анна Аскольдовна
e Роль лиц Составитель
901 t Тип документа m
920 a Оператор Поля
a Оператор Рунт
a Оператор Стро
930 a Новая/Ретро новая
952 c Вид литературы К рн
954 a Дата поступления на обработку 20210601
c Дата окончания ОНО 20210607